Islands in the Persian Gulf by clue - Statistics

General Stats
  • This quiz has been taken 7 times
  • The average score is 3 of 10
Answer Stats
Hint Answer % Correct
The only island country in the Persian Gulf. Bahrain Island
67%
Found in the city of Dubai, it is shaped like a tropical tree and is one of the largest man made islands in the world. Palm Jumeirah
67%
Often called the 'Forbidden island' or 'Crown Jewel', this island houses the port of Iran that exports up to 90% of their oil products. It also supplies storage for up to 30 million barrels of oil. Kharg Island
33%
Largest island in the Persian Gulf, it is located off the coast of Iran. Qeshm
33%
15 billion dollar project with around 300 artificial islands replicating the earth. The World Islands
33%
Has one of the fastest (and used to hold the record) roller coasters in the world, also has many other attractions such as Warner Bros. World or Disneyland in the city of Abu Dhabi. Yas Island
17%
Once there was a bustling town on this island in Kuwait but after the 1990 Gulf war results a ghost town and many travel there for leisure and visiting these ghost towns. Failaka island
0%
One of the most important islands of Qatar approximately 90 kilometers northeast of Doha. It houses a key storage of Oil, and is primarily known as Qatar's vital offshore oil terminal. Halul Island
0%
The island off the coast of hint one which has the international airport of that hint. Muharraq Island
0%
One of the oldest inhabited sites on the Arabian peninsula at over 5000 years, and has the historic Darin port. Tarout Island
0%
No matching quizzes found
Score Distribution
Percent of People with Each Score
Percentile by Number Answered
Your Score History
You have not taken this quiz